Central Library OPAC University of Rajshahi

مومن اور مطالعہ مومن / Momin aur mut̤ālaʿah-i Momin / (Record no. 85658)

MARC details
000 -LEADER
fixed length control field 00683nam a2200205 4500
001 - CONTROL NUMBER
control field 85658
003 - CONTROL NUMBER IDENTIFIER
rucl marc code BD-RjUL
005 - DATE AND TIME OF LATEST TRANSACTION
control field 20250908111509.0
008 - FIXED-LENGTH DATA ELEMENTS--GENERAL INFORMATION
fixed length control field 250908s1961 pk ||||| |||| 00| 0 urd d
035 ## - SYSTEM CONTROL NUMBER
System control number (BD-RjUL)85658
040 ## - CATALOGING SOURCE
Original cataloging agency BD-RjUL
Language of cataloging eng
Transcribing agency BD-RjUL
041 ## - LANGUAGE CODE
Language code of text/sound track or separate title urd
082 ## - DEWEY DECIMAL CLASSIFICATION NUMBER
Edition number 23
Classification number 297.092
Author mark and year BAM 1962
100 ## - MAIN ENTRY--PERSONAL NAME
Personal name بریلویتبہ، عبادت ;; barilvetabah, abadat
9 (RLIN) 16809
245 ## - TITLE STATEMENT
Title مومن اور مطالعہ مومن / Momin aur mut̤ālaʿah-i Momin /
Statement of responsibility, etc. عبادت بریلویتبہ, ;; ʿIbādat Barelwī /
260 ## - PUBLICATION, DISTRIBUTION, ETC. (IMPRINT)
Place of publication, distribution, etc. Karachi :
Name of publisher, distributor, etc. Urdu Dunya,
Date of publication, distribution, etc. 1961
300 ## - PHYSICAL DESCRIPTION
Pagination 518 p. ;
Size 18 cm
650 ## - SUBJECT ADDED ENTRY--TOPICAL TERM
Topical term or geographic name as entry element Islam[ mulims]
Form subdivision Biography
9 (RLIN) 16810
942 ## - ADDED ENTRY ELEMENTS (KOHA)
Source of classification or shelving scheme Dewey Decimal Classification
Koha item type Books
Holdings
Lost status Source of classification or shelving scheme Damaged status Not for loan Collection code Permanent Location Current Location Shelving location Date acquired Full call number Date last seen Copy number Koha item type
  Dewey Decimal Classification   Not For Loan Non-fiction Central Library, University of Rajshahi Central Library, University of Rajshahi Reading Room 08/09/2025 U 297.092 BAM 1961 08/09/2025 C-1 Books